书目信息 |
| 题名: |
农产品质量安全及其检测技术
|
|
| 作者: | 吴广枫 主编 | |
| 分册: | ||
| 出版信息: | 北京 化学工业出版社 2006 |
|
| 页数: | 209 | |
| 开本: | 23cm | |
| 丛书名: | ||
| 单 册: | ||
| 中图分类: | F326.5 | |
| 科图分类: | ||
| 主题词: | 农业经济--中国 | |
| 电子资源: | ||
| ISBN: | 978-7-5025-9421-3 | |
| 000 | 00570nam0 2200181 450 | |
| 001 | 0760515518 | |
| 005 | 20070817164835.51 | |
| 010 | @a978-7-5025-9421-3@d¥32.00 | |
| 100 | @a20070817d km y0chiy0120 ea | |
| 101 | 0 | @achi |
| 200 | 1 | @a农产品质量安全及其检测技术@Anong chan pin zhi liang an quan ji qi jian ce ji shu@f吴广枫主编@Fwu guang feng zhu bian |
| 210 | @a北京@c化学工业出版社@d2006 | |
| 215 | @a209@d23cm | |
| 606 | 0 | @a农业经济@x中国 |
| 690 | @aF326.5@v3 | |
| 701 | 0 | @a吴广枫@Awu guang feng@4主编 |
| 801 | 0 | @aCN@bPFT@c20070817 |
| 905 | @a213230@dF326.5@eg7@f1 | |
| 农产品质量安全及其检测技术/吴广枫主编.-北京:化学工业出版社,2006 |
| 209;23cm |
| ISBN 978-7-5025-9421-3:¥32.00 |
| ● |
| 相关链接 |
|
|
|
|
正题名:农产品质量安全及其检测技术
索取号:F326.5/g7
 
预约/预借
| 序号 | 登录号 | 条形码 | 馆藏地/架位号 | 状态 | 备注 |
| 1 | 6502884 | 265028846 | 密集书库-海洋学院/ [索取号:F326.5/g7] | 在馆 | |
| 2 | 6502885 | 265028855 | 经管系资料室/ [索取号:F326.5/g7] | 在馆 |